000 00461nam a2200181Ia 4500
001 18667
005 20260306171647.0
008 260306s9999||||xx |||||||||||||| ||und||
041 _aESP
082 _a658.45
_bA37
100 _aAlcaide Fernández, Juan Carlos
_eAUT
245 0 _aCurso ESIC de emprendimiento y gestión empresarial
260 _c2013
300 _a117 páginas :
_c23 cm.
650 _aGEN
654 _aCAN
942 _cLIB
_dJUS
_fJUS
_2ddc
_n
999 _c18667
_d18667